LEADER 01030nam a2200277 u 4500 001 000000081699 003 CaOOAMICUS 005 20070226123801.0 008 050330s2003 enk u000 u eng u 020 $a042179920X 035 $a11036296 040 $aPUL$bita 100 1 $aCraig, Paul P.$0(OLS)http://pul/name/54414 245 10$aAdministrative law /$cby P. P. Craig. 250 $aFifth edition. 260 $aLondon :$bSweet & Maxwell,$c2003. 300 $alxxviii, 960 p. ;$c24 cm 500 $aInclude indice. 504 $aBibliografia in nota. 650 4$aDiritto amministrativo.$0(OLS)http://pul/subject/17627 850 $aPUL 852 $aPUL$W1$xSL Diritto e Scienze Sociali 3$y79$m342. 94 CRAPA 1$j104178$nBK-PRI$qDDC 21$B104178$CPULBib$Z2$F104178 $HPUL97466 $82 941 1 $a9 996 $6020$a042179920X$9(OLS)http://pul/number/108221 996 $6245$aAdministrative law$9(OLS)http://pul/title/106811 996 $6260$aLondon :$bSweet & Maxwell$9(OLS)http://pul/publisher/62154 LEADER 01188nam a2200301 a 4500 001 000000146089 003 CaOOAMICUS 005 20250204102004.0 008 150928s1990 it a u000 u ita r 020 $z8817840599* 040 $aPUL$bita 041 1 $aita$heng 100 1 $aWaal, Frans de,$d1948-2024.$0(OLS)http://pul/name/86907 240 10$aPeacemaking among primates.$lItaliano.$0(OLS)http://pul/title/184688 245 10$aFar la pace tra le scimmie /$cFrans de Waal ; traduzione di Luca Limongelli. 260 $aMilano :$bRizzoli,$cİ1990. 300 $a285 p. :$bill. ;$c22 cm 500 $aInclude indice. 504 $aBibliografia p. 269-[280]. 650 4$aEtologia.$0(OLS)http://pul/subject/23123 700 1 $aLimongelli, Luca.$0(OLS)http://pul/name/93490 850 $aPUL 852 $aPUL$W1$xDP1 Fondo S. Lanza$y121$m9 A 13$j44559$qFondi$B169742$CPULBib$Z2$F169742 $HLan1119 $82 941 1 $a1 996 $6020$z8817840599*$9(OLS)http://pul/number/158733 996 $6245$aFar la pace tra le scimmie$9(OLS)http://pul/title/184689 996 $6260$aMilano :$bRizzoli$9(OLS)http://pul/publisher/48712